By the King, to our trusty and welbeloved high sheriffe of our county of York

Bibliographic Details
Corporate Author: England and Wales. Sovereign (1625-1649 : Charles I)
Other Authors: Charles I, King of England, 1600-1649
Format: eBook
Language:English
Published: [London] : Imprinted at Yorke by Robert Barker, and now reprinted at London and are to be sold by T.P., 1642.
Series:Early English books online.
Subjects:
Online Access:Connect to the full text of this electronic book

MARC

Tag First Indicator Second Indicator Subfields
LEADER 00000nam a2200000Ia 4500
001 in00004309621
005 20200810090931.0
006 m g d
007 cr bn |||a|bb|
008 881207s1642 enk o 00| | eng d
035 |a (OCoLC)18854370 
040 |a EAH  |c EAH  |d WaOLN 
037 |a CL0037000061  |b ProQuest Information and Learning. 300 N. Zeeb Rd., Ann Arbor, MI 48106 
043 |a e-uk-en 
045 0 |b d16420505 
090 |a DA410  |b .E53 1642 
049 |a EAHA 
110 1 |a England and Wales.  |b Sovereign (1625-1649 : Charles I) 
245 1 0 |a By the King, to our trusty and welbeloved high sheriffe of our county of York 
260 |a [London] :  |b Imprinted at Yorke by Robert Barker, and now reprinted at London and are to be sold by T.P.,  |c 1642. 
300 |a 1 online resource (1 broadside. 
336 |a text  |b txt  |2 rdacontent 
337 |a computer  |b c  |2 rdamedia 
338 |a online resource  |b cr  |2 rdacarrier 
500 |a Reproduction of original in the Bodleian Library. 
510 4 |a Wing  |c C2829 
533 |a Electronic reproduction.  |b Ann Arbor, Mich. :  |c UMI,  |d 1999-  |f (Early English books online)  |n Digital version of: (Early English books, 1641-1700 ; 1664:30)  |7 s1999 miun s 
651 0 |a Great Britain  |x History  |y Civil War, 1642-1649. 
600 1 0 |a Hotham, John,  |c Sir,  |d d. 1645 Jan. 2. 
700 0 |a Charles  |b I,  |c King of England,  |d 1600-1649. 
830 0 |a Early English books online. 
856 4 0 |u http://proxy.library.tamu.edu/login?url=https://search.proquest.com/docview/2240860046  |z Connect to the full text of this electronic book  |t 0 
999 f f |s 0cecd4ec-2bbe-3085-8a97-cf914a52cadf  |i 88efa91a-675d-3904-b649-f3cbed23cf18  |t 0 
952 f f |a Texas A&M University  |b College Station  |c Electronic Resources  |d Available Online  |t 0  |e DA410 .E53 1642  |h Library of Congress classification 
998 f f |a DA410 .E53 1642  |t 0  |l Available Online